Kỹ thuật sửa chữa ôtô và động cơ nổ hiện đại
Nội dung tài liệu bao gồm 11 chương, trình bày các nguyên lý kết cấu, nguyên lý vận chuyển và phương pháp kiểm tra bảo trì sửa chữa động cơ xăng của ô tô
Đã lưu trong:
| 主要作者: | |
|---|---|
| 格式: | 图书 |
| 语言: | Undetermined |
| 出版: |
Hà Nội
Giao thông vận tải
2010
|
| 主题: | |
| 标签: |
添加标签
没有标签, 成为第一个标记此记录!
|
| Thư viện lưu trữ: | Trung tâm Học liệu Trường Đại học Cần Thơ |
|---|
| LEADER | 01087nam a2200241Ia 4500 | ||
|---|---|---|---|
| 001 | CTU_196846 | ||
| 008 | 210402s9999 xx 000 0 und d | ||
| 020 | |c 45000 | ||
| 082 | |a 629.287 | ||
| 082 | |b O.408/T.1 | ||
| 100 | |a Nguyễn, Oanh | ||
| 245 | 0 | |a Kỹ thuật sửa chữa ôtô và động cơ nổ hiện đại | |
| 245 | 0 | |c Nguyễn Oanh | |
| 260 | |a Hà Nội | ||
| 260 | |b Giao thông vận tải | ||
| 260 | |c 2010 | ||
| 520 | |a Nội dung tài liệu bao gồm 11 chương, trình bày các nguyên lý kết cấu, nguyên lý vận chuyển và phương pháp kiểm tra bảo trì sửa chữa động cơ xăng của ô tô | ||
| 526 | |a Cấu tạo động cơ đốt trong,Thực tập sửa chữa động cơ,Kỹ thuật sửa chữa máy | ||
| 526 | |b CN379,CN573,CN570 | ||
| 650 | |a Automobile,Ô tô | ||
| 650 | |x Maintenance and repair,Bảo trì và sửa chữa | ||
| 904 | |i Tuyến | ||
| 980 | |a Trung tâm Học liệu Trường Đại học Cần Thơ | ||